Following the drum, (Record no. 553362)
[ view plain ]
| 000 -LEADER | |
|---|---|
| fixed length control field | 00672cam a22001451i 4500 |
| 082 ## - DEWEY DECIMAL CLASSIFICATION NUMBER | |
| Classification number | 940.27 |
| Author Mark | FOR |
| 100 1# - MAIN ENTRY--PERSONAL NAME | |
| Personal name | Fortescue, J. W. |
| 9 (RLIN) | 49223 |
| 245 10 - TITLE STATEMENT | |
| Title | Following the drum, |
| Remainder of title | by the Hon. Sir John W. Fortescue ... |
| 260 ## - PUBLICATION, DISTRIBUTION, ETC. | |
| Place of publication, distribution, etc. | Edinburgh and London, |
| Name of publisher, distributor, etc. | W. Blackwood & sons ltd., |
| Date of publication, distribution, etc. | 1932. |
| 300 ## - PHYSICAL DESCRIPTION | |
| Extent | 5 p. l., 315, [1] p. |
| Dimensions | 21 cm. |
| 505 0# - FORMATTED CONTENTS NOTE | |
| Formatted contents note | Gibraltar under siege, 1727.--The roses of Minden.--The militia in the year of Minden.--A conqueror of France.--An ensign on Wellington.--Memoirs of a saddler serjeant.--Wolseley.--Kitchener.--Horace Smith-Dorrien.--Early days at St Helena. |
| 526 ## - STUDY PROGRAM INFORMATION NOTE | |
| Program name | 0 |
| Interest level | 0 |
| Reading level | 0 |
| Title point value | 940_270000000000000_FOR |
| 650 ## - SUBJECT ADDED ENTRY--TOPICAL TERM | |
| Topical term or geographic name entry element | MCE |
| 9 (RLIN) | 379 |
| 942 ## - ADDED ENTRY ELEMENTS (KOHA) | |
| Source of classification or shelving scheme | |
| Koha item type | Book |
| Withdrawn status | Lost status | Source of classification or shelving scheme | Damaged status | Not for loan | Permanent Location | Current Location | Shelving location | Date acquired | Total Checkouts | Full call number | Barcode | Date last seen | Price effective from | Koha item type |
|---|---|---|---|---|---|---|---|---|---|---|---|---|---|---|
| Military College of Engineering (MCE) | Military College of Engineering (MCE) | 02/09/2015 | 940.27 FOR | MCE-ECF/77 | 02/09/2015 | 02/09/2015 | Book |
